Statistics for Breaking Bad Trivia #QUXYZ

Click here to take the quiz!

General Stats

  • This quiz has been taken 42 times
  • The average score is 13 of 20

Answer Stats

HintAnswer% Correct
The very first time Walt is seen, he is in his __Underwear
96%
My name is Skyler White, _.Yo
93%
Country where the show takes placeUnited States
89%
One of Jesses favorite colorsYellow
89%
Radioactive elementUranium
86%
Marie is a __ technicianX-Ray
82%
Found in coins and spare metal parts; an essential ingredient in Walt’s homemade batteryZinc
82%
Lydia Rodarte-__Quayle
79%
__ Mr. White! __ Science!Yeah
75%
The real Heisenberg was a pioneer in __ ___Quantum mechanics
61%
Chemical element seen in the introXenon
61%
Show, where Vince Gilligan previously worked together with Bryan Cranston & Aaron PaulX-Files
57%
Badger and Skinny Pete discuss __ in video gamesZombies
57%
Mike tells Gus, that Jesse is at least two time__ awayzones
57%
_ _ _148-3 to the 3 to the 6 to the 9, representing the ABQ, what up, biatch?! This is a free greeting.Yo Yo Yo
54%
Walt cooks meth with a __ of 99%.Quality
50%
Sauls favorite drugXanax
50%
Steven Gomez actor: Steven Michael __Quezada
43%
Krazy-8 claims to have studied hereUNM
43%
Fictional tequila brand in the showZafira Anejo
25%

Score Distribution

Percentile by Number Answered

Percent of People with Each Score

Your Score History

You have not taken this quiz